000 00776nam a2200133Ia 4500
008 171212s9999 xx 000 0 und d
020 _a9780833046475
100 _aSilberglitt, Richard;Wong, Anny
245 _cSilberglitt, Richard;Wong, Anny
_aThe Global Technology Revolution China, In-Depth Analyses
_bEmerging Technology Opportunities for the Tianjin Binhai New Area (TBNA) and the Tianjin Economic-Technological Development Area (TEDA)
260 _bRAND Corporation
_c2009
650 _aEducation
650 _aResearch, Industrial -- China -- Tianjin; Technological innovations -- China -- Tianjin; Economic development -- China -- Tianjin; Technology and state -- China -- Tianjin; Binhai Xinqu (Tianjin, China)
856 _uwww.jstor.org/stable/10.7249/tr649tbna-teda
999 _c352670
_d352670